| 000 | 00589nam a2200217Ia 4500 | ||
|---|---|---|---|
| 005 | 20140422103440.0 | ||
| 008 | 140130s9999 xx 000 0 und d | ||
| 020 | _a9788953911758 | ||
| 050 |
_aPZ 10.3 _b.M37On 1997 |
||
| 100 |
_aMarzollo, Jean. _96141 |
||
| 245 |
_cJean Marzollo. _aOnce upon a spring time (w/cd) / |
||
| 260 |
_bScholastic Inc., _c1997. _aUSA : |
||
| 300 |
_a30 p. : _bcol. ill. ; _c23 cm. |
||
| 440 | _v1 | ||
| 521 | _aG1 | ||
| 526 | _c380 | ||
| 650 |
_aDeer _xJuvenile fiction. _931380 |
||
| 650 |
_aDeer _xFiction. _931381 |
||
| 942 |
_cBK _2lcc |
||
| 999 |
_c41683 _d41683 |
||